Statistics for Super Bowl Winners Quiz

Click here to take the quiz!

General Stats

  • This quiz has been taken 52,708 times
    (2,993 since last reset)
  • The average score is 33 of 54

Answer Stats

Year Winner Loser % Correct
2019Chiefs49ers
99%
2018PatriotsRams
99%
2016PatriotsFalcons
98%
2014PatriotsSeahawks
95%
2017EaglesPatriots
94%
2015BroncosPanthers
91%
2013SeahawksBroncos
88%
2011GiantsPatriots
85%
2012Ravens49ers
84%
2008SteelersCardinals
79%
2007GiantsPatriots
79%
2010PackersSteelers
77%
2004PatriotsEagles
76%
2009SaintsColts
75%
2003PatriotsPanthers
74%
2001PatriotsRams
73%
2006ColtsBears
70%
2005SteelersSeahawks
67%
1999RamsTitans
66%
1966PackersChiefs
66%
2002BuccaneersRaiders
66%
1993CowboysBills
64%
1992CowboysBills
63%
1967PackersRaiders
61%
1997BroncosPackers
58%
1998BroncosFalcons
58%
2000RavensGiants
57%
1995CowboysSteelers
57%
198849ersBengals
56%
1996PackersPatriots
56%
199449ersChargers
54%
1990GiantsBills
54%
198949ersBroncos
54%
1968JetsColts
53%
1985BearsPatriots
53%
1991RedskinsBills
50%
1969ChiefsVikings
49%
1975SteelersCowboys
48%
198449ersDolphins
48%
1978SteelersCowboys
48%
198149ersBengals
46%
1974SteelersVikings
46%
1972DolphinsRedskins
45%
1979SteelersRams
45%
1987RedskinsBroncos
43%
1986GiantsBroncos
42%
1977CowboysBroncos
40%
1973DolphinsVikings
40%
1971CowboysDolphins
40%
1983RaidersRedskins
40%
1982RedskinsDolphins
40%
1980RaidersEagles
39%
1970ColtsCowboys
37%
1976RaidersVikings
36%

Score Distribution

Percentile by Number Answered

Percent of People with Each Score

Your Score History

You have not taken this quiz since the last reset